Normal view
MARC view
- Chinese in the Philippines- Economic conditions- 1898- 1941.
Entry Topical Term
001 - CONTROL NUMBER
- control field: 22025
003 - CONTROL NUMBER IDENTIFIER
- control field: OSt
005 - DATE AND TIME OF LATEST TRANSACTION
- control field: 20170814151047.0
008 - FIXED-LENGTH DATA ELEMENTS
- fixed length control field: 170814|| aca||babn | a|a d
040 ## - CATALOGING SOURCE
- Original cataloging agency: OSt
150 ## - HEADING--TOPICAL TERM
- Topical term or geographic name entry element: Chinese in the Philippines- Economic conditions- 1898- 1941.
